00363nam a2200121Ia 4500008004100000245010200041260001700143260000900160300000800169650002300177650001200200856002900212170516s9999 xx 000 0 und d aMolecular Imaging of Tumor-Infiltrating Macrophages in a Preclinical Mouse Model of Breast Cancer bTheranostics c2015 a5:6 xMedical Technology xMedtech uhttp://www.thno.org/v5i6